| 000 | 00643cam a22002172 4500 | ||
|---|---|---|---|
| 001 | 0000004294 | ||
| 005 | 20151217154346.0 | ||
| 008 | 070522s xx 000 0 eng d | ||
| 020 | _a0131278371 : | ||
| 040 |
_aKABU _cKABU |
||
| 050 | 0 |
_aQA76.76 _b.O63S73 |
|
| 100 | 1 |
_aStallings, William. _@0000148223 |
|
| 245 | 1 | 0 |
_aOperating systems : _binternals and design principles. |
| 250 | _a5th ed. | ||
| 260 |
_aUpper Saddle River, NJ : _bPearson Educ., _c2005. |
||
| 300 | _axiv, 818 p. | ||
| 650 | 0 |
_aOperating systems (Computers) _@0000146540 |
|
| 908 | _a070522 | ||
| 950 | _@1 | ||
| 999 |
_c10751 _d10751 |
||